RADAR MADE EASY (Record no. 35351)

MARC details
000 -LEADER
fixed length control field 00439nam a2200181Ia 4500
008 - FIXED-LENGTH DATA ELEMENTS--GENERAL INFORMATION
fixed length control field 090122s9999 xx 000 0 und d
082 ## - DEWEY DECIMAL CLASSIFICATION NUMBER
Item number 11274
100 ## - MAIN ENTRY--PERSONAL NAME
Personal name RAZMAKKNIM
245 ## - TITLE STATEMENT
Title RADAR MADE EASY
260 ## - PUBLICATION, DISTRIBUTION, ETC. (IMPRINT)
Name of publisher, distributor, etc MIR
Date of publication, distribution, etc 1974
300 ## - PHYSICAL DESCRIPTION
Extent 134
501 ## - WITH NOTE
With note "आर जे करंदीकर, भेट"
600 ## - SUBJECT ADDED ENTRY--PERSONAL NAME
Personal name RAZMAKKNIM
630 ## - SUBJECT ADDED ENTRY--UNIFORM TITLE
Uniform title RADAR MADE EASY
700 ## - ADDED ENTRY--PERSONAL NAME
Personal name RAZMAKKNIM
730 ## - ADDED ENTRY--UNIFORM TITLE
Uniform title RADAR MADE EASY
942 ## - ADDED ENTRY ELEMENTS (KOHA)
Koha item type Book
Holdings
Withdrawn status Lost status Damaged status Not for loan Home library Current library Date acquired Source of acquisition Cost, normal purchase price Total Checkouts Full call number Barcode Date last seen Copy number Cost, replacement price Price effective from Koha item type
        Dombivali Granthasangrahalaya, Dombivali Dombivali Granthasangrahalaya, Dombivali 01/22/2009 "आर जे करंदीकर, भेट" 0.00   11274 DOM-11274 01/22/2009 1 0.00 01/22/2009 Book